[Event "FEDA International Scheveningen 2020"]
[Site "La Palma"]
[Date "2020.11.30"]
[Round "1.1"]
[White "Cheparinov, Ivan"]
[Black "Vazquez Igarza, Renier"]
[Result "1/2-1/2"]
[WhiteElo "2688"]
[BlackElo "2556"]
[Annotator "TA"]
[PlyCount "88"]
[EventDate "2020.11.29"]
[EventType "schev"]
[EventCountry "ESP"]
[SourceTitle "playchess.com"]
[Source "ChessBase"]
[SourceQuality "1"]

{[%evp 17,88,29,22,31,22,35,56,60,50,50,71,70,65,44,60,61,93,53,57,0,0,1,65,61,73,84,77,39,54,67,101,0,120,124,112,110,108,116,113,58,55,42,40,25,33,39,45,33,79,66,101,68,60,58,58,54,64,49,54,64,57,28,35,8,8,8,33,24,24,8,8,8,8]} 1. e4 c5 2. Nf3 d6 3. d4 cxd4 4. Nxd4 Nf6 5. Nc3 a6 6. Be3 e5 7. Nb3 Be6 8. f3 h5 9. Qd2 Nbd7 10. Nd5 $1 {10.Nd5 is better than 10.0-0-0. B90: Sicilian Najdorf: Unusual White 6th moves, 6 Be3 Ng4 and 6 Be3 e5.} Bxd5 11. exd5 b6 12. O-O-O {White is slightly better.} g6 13. Kb1 Bg7 14. Be2 Qc7 15. h4 {[#]} O-O $146 ({Predecessor:} 15... Nc5 16. g3 Qd7 17. Qb4 Qc7 18. f4 exf4 19. Qxf4 O-O 20. Bf3 Rae8 21. Bd4 Qe7 {0-1 (36) Abreu Delgado,A (2483)-Ibrahimov,R (2535) Sort 2008}) 16. g4 Rfc8 17. Rc1 Qb7 18. gxh5 (18. c4 $14) 18... Nxh5 $11 19. f4 {[#] aiming for Bxh5.} exf4 (19... Ng3 $11) 20. Bxf4 $14 Nxf4 21. Qxf4 Re8 22. Bf3 Ne5 23. h5 Qe7 24. Rcf1 (24. Be2 $16) 24... Qf6 (24... g5 $11 {keeps the balance.} 25. Qe4 Qf6) 25. Qxf6 $16 Bxf6 26. Be2 Bg7 27. Rhg1 b5 28. hxg6 ({Better is} 28. c3 $16) 28... fxg6 $14 29. Nd4 Rf8 30. Ne6 Rxf1+ 31. Rxf1 Ra7 32. c3 Nd7 33. Kc2 ({Of course not} 33. Nxg7 $6 Kxg7 34. Kc1 Ra8 $11) 33... Nc5 34. Rg1 Kf7 35. Nxc5 dxc5 {[%mdl 4096] Endgame KRB-KRB} 36. Bd3 c4 37. Bxg6+ Ke7 38. Be4 Bf6 39. Rg8 Kd6 $1 40. Rb8 {With the idea Rb6+.} Ke5 41. Bf3 Rh7 42. Re8+ Kf4 43. Be2 Re7 44. Rxe7 Bxe7 {Weighted Error Value: White=0.13/Black=0.17} 1/2-1/2

[Event "FEDA International Scheveningen 2020"]
[Site "La Palma"]
[Date "2020.11.30"]
[Round "1.2"]
[White "Korobov, Anton"]
[Black "Santos Ruiz, Miguel"]
[Result "1/2-1/2"]
[WhiteElo "2683"]
[BlackElo "2581"]
[Annotator "TA"]
[PlyCount "130"]
[EventDate "2020.11.29"]
[EventType "schev"]
[EventCountry "ESP"]
[SourceTitle "playchess.com"]
[Source "ChessBase"]
[SourceQuality "1"]

{[%evp 21,130,-10,0,2,17,0,0,0,0,0,4,0,0,0,2,0,0,0,0,0,0,0,13,14,18,18,20,15,30,30,29,22,29,31,27,29,31,32,31,33,36,36,36,43,43,43,77,77,77,70,70,72,83,86,93,91,98,67,113,70,77,76,76,70,76,40,71,42,66,64,76,76,128,76,65,65,65,38,49,54,50,50,85,85,185,185,178,163,163,30,85,83,85,80,85,85,85,12,12,8,8,12,16,16,51,5,85,10,68,68,109]} 1. Nf3 d5 2. e3 Nf6 3. c4 e6 4. Nc3 dxc4 5. Bxc4 c5 6. d4 a6 7. a4 Nc6 8. O-O cxd4 9. exd4 Be7 10. Re1 O-O 11. Bf4 Nb4 12. Ne5 {D26: Queen's Gambit Accepted: 4 e3 e6 5 Bxc5 c5 sidelines.} Bd7 13. Qb3 {[#]} Be8 $146 ({Predecessor:} 13... Bc6 14. Nxf7 Rxf7 15. Bxe6 Be8 16. Be5 Kf8 17. Re3 a5 18. Rae1 Ra6 19. d5 Bd6 {½-½ (126) Volkov,S (2578)-Nesterov,A (2482) Stockholm 2020}) 14. Rad1 {The position is equal.} Nfd5 15. Nxd5 Nxd5 16. Bxd5 Qxd5 17. Qxd5 exd5 18. Nd3 Bxa4 19. Ra1 Bb5 20. Rxe7 Bxd3 21. Rxb7 Rac8 22. Ra3 Bb5 23. Rg3 Rfe8 {[%cal Re8e1]} 24. h3 Rc6 25. Be5 Rg6 26. Rf3 Rf8 27. Ra7 Rc6 28. Rg3 g6 29. Bf4 Re8 30. Bh6 Rce6 31. Rc3 R6e7 32. Rcc7 Rxc7 33. Rxc7 $14 {[%mdl 4096] Endgame KRB-KRB} g5 34. g4 Re6 35. Rc8+ Re8 36. Rc5 Re6 37. Bxg5 Bc4 38. Kg2 Kg7 39. Bf4 Kg6 40. Rc8 {Threatening mate with Rg8+.} h5 41. Kg3 hxg4 42. hxg4 Rb6 43. Bc1 Be2 44. Rc5 Bc4 45. Kh4 Re6 46. Bf4 Rb6 {[#]} (46... Rf6 $142 47. Kg3 Rb6) 47. b4 (47. Bc7 $142 $1 {[%cal Rc7b6]} Rxb2 48. f4) 47... f6 $16 48. Bc7 Rxb4 49. f4 Bb3 50. f5+ Kf7 51. Bd8 {Hoping for Rc7+.} Rc4 52. Rxd5 {Threatens to win with Rd6.} Rc6 (52... Ba4 $16 {might work better.}) 53. Rd7+ $18 Ke8 54. Rb7 {aiming for Bxf6.} Bd5 55. Ba5 ({Only move:} 55. Rb8 $18 Kf7 56. g5 fxg5+ 57. Kxg5) 55... Rc2 (55... Rc1 $1 $11 56. Rb8+ Kf7) 56. Rb6 Rh2+ 57. Kg3 Rg2+ {[#]} 58. Kh3 $1 Bf3 59. Rxf6 (59. Rb3 $16 Bd5 60. Rb8+ Kf7 61. Rb1) 59... Rxg4 $11 60. Bb6 Rg5 61. Re6+ Kf7 62. Re5 Rg8 63. Bc5 Re8 (63... Bg2+ $11 64. Kh4 a5) 64. Bd6 ({White should try} 64. Rxe8 $16 {Strongly threatening Rf8+.} Kxe8 65. Kh4) 64... Rxe5 (64... Rg8 $11) 65. dxe5 $14 Bc6 {Weighted Error Value: White=0.16/Black=0.15} 1/2-1/2

[Event "FEDA International Scheveningen 2020"]
[Site "La Palma"]
[Date "2020.11.30"]
[Round "1.3"]
[White "Eljanov, Pavel"]
[Black "Salgado Lopez, Ivan"]
[Result "1/2-1/2"]
[WhiteElo "2672"]
[BlackElo "2593"]
[Annotator "TA"]
[PlyCount "87"]
[EventDate "2020.11.29"]
[EventType "schev"]
[EventCountry "ESP"]
[SourceTitle "playchess.com"]
[Source "ChessBase"]
[SourceQuality "1"]

{[%evp 10,87,15,16,33,25,22,25,19,26,29,32,44,29,37,0,12,4,20,-4,29,0,0,0,0,-27,0,-52,-38,-57,8,7,29,23,33,41,83,80,80,72,76,72,72,66,77,76,63,64,70,68,73,81,75,84,84,44,39,47,42,49,35,22,83,90,88,35,112,116,100,51,64,72,68,45,45,45,41,0,0,0]} 1. e4 {Pavlovic,M} e5 2. Nf3 Nc6 3. Bc4 Bc5 4. c3 Nf6 5. d3 d6 6. O-O a5 {6...a6 is a critical line. C54: Giuoco Piano: 4 c3 Nf6, main lines with 5 d4 and 5 d3.} 7. Bg5 h6 8. Bh4 O-O {White has an edge.} 9. Re1 g5 10. Bg3 Ba7 11. Na3 Bg4 {[#]} 12. Nb5 $146 ({Predecessor:} 12. h3 Bh5 13. Nc2 Bg6 14. Bh2 Nh5 15. d4 Nf6 16. dxe5 Nxe4 17. Ne3 Nxe5 18. Nxe5 dxe5 {1-0 (36) Giri,A (2790)-Eljanov,P (2765) Stavanger 2016 CBM 172 [Pavlovic,M]}) 12... Bb6 13. h3 Bh5 14. a4 Re8 15. Qb3 Kg7 16. Nd2 Bg6 17. Nf1 Nh5 18. Rad1 ({White should try} 18. Bh2 $11) 18... Nxg3 $15 19. Nxg3 Qf6 ({Black should play} 19... h5 $1 $15) 20. Rd2 $11 {Hoping for Nxc7!} Rab8 21. Qd1 Nd8 22. Na3 {[%cal Bb5a3,Ba3c2,Bc2e3,Be3g4][%mdl 32]} Qf4 {Threatens to win with ...Qxg3.} 23. d4 exd4 24. cxd4 h5 25. Nc2 h4 {[#]} 26. Ne2 $1 {[%cal Re2f4]} Qf6 27. Nc3 c6 28. Ne3 {Strongly threatening Ncd5!} Ne6 29. Ng4 Qe7 $1 30. Bxe6 Qxe6 31. d5 Qe7 32. dxc6 bxc6 33. Rxd6 Rbd8 34. Rxd8 Rxd8 35. Qc1 Rd3 (35... f6 $11 {remains equal.}) 36. e5 $16 Rd4 37. Rd1 (37. Ne2 $16 Re4 38. b3 (38. Qxc6 Qe6 $11)) 37... Bf5 {[#]} (37... Ba7 $14) 38. Rxd4 $1 Bxd4 39. Ne2 c5 40. Nxd4 cxd4 41. Nf6 Kg6 42. Qc6 Qe6 ({Not} 42... Qxe5 $2 43. Nd7+ Qe6 44. Nf8+ Kf6 45. Nxe6 $18) 43. Qc7 (43. Qc5 $5 {[%cal Rc5d4]}) 43... d3 {...d2 is the strong threat.} 44. Qxa5 {Weighted Error Value: White=0.11/Black=0.11} 1/2-1/2

[Event "FEDA International Scheveningen 2020"]
[Site "La Palma"]
[Date "2020.11.30"]
[Round "1.4"]
[White "Van Foreest, Jorden"]
[Black "Santos Latasa, Jaime"]
[Result "1-0"]
[WhiteElo "2671"]
[BlackElo "2600"]
[Annotator "TA"]
[PlyCount "65"]
[EventDate "2020.11.29"]
[EventType "schev"]
[EventCountry "ESP"]
[SourceTitle "playchess.com"]
[Source "ChessBase"]
[SourceQuality "1"]

{[%evp 18,65,32,13,28,33,28,20,30,17,32,39,60,60,56,19,37,0,0,-30,48,49,203,126,270,77,232,240,239,156,165,195,221,202,202,195,322,326,323,322,315,313,717,665,777,628,6721,5610,29992,29993]} 1. e4 c5 2. Nf3 d6 3. d4 cxd4 4. Nxd4 Nf6 5. Nc3 Nc6 6. Bg5 e6 7. Qd2 a6 8. O-O-O Bd7 9. f3 Nxd4 10. Qxd4 Be7 {B67: Sicilian: Richter-Rauzer: 7...a6 8 0-0-0 Bd7, lines without 9 f4 Be7.} 11. Kb1 Qc7 12. Qd2 b5 {[#] The position is equal.} 13. g4 $146 ({Predecessor:} 13. a3 h6 14. Bf4 e5 15. Be3 Rb8 16. g4 a5 17. b4 axb4 18. axb4 Bc6 19. Kb2 {0-1 (29) Kardoeus,D (2172)-Salomon,J (2499) Riga 2019}) 13... b4 14. Ne2 {[%cal Bc3e2,Be2g3,Bg3h5,Bh5g7][%mdl 32]} Rb8 15. Ng3 a5 16. Be3 Bc6 17. g5 Nd7 18. f4 d5 (18... a4 $11) 19. f5 $14 {Hoping for Bh3.} Ne5 $2 (19... dxe4 $14 20. Bg2 O-O) 20. Nh5 b3 (20... g6 $16) 21. axb3 $2 (21. cxb3 d4 $14) (21. Nxg7+ $18 {is more deadly.} Kf8 22. axb3 (22. cxb3 d4 $11)) 21... a4 $2 (21... O-O $16 {is a better defense.}) 22. Nxg7+ $18 Kf8 23. Bf4 (23. fxe6 axb3 24. Nh5 (24. exd5 $2 Bxd5 {[%mdl 64] Double Attack} 25. Nf5 Bxh1 $19) 24... d4 $14) (23. exd5 Bxd5 24. Bg2 Bb4 $14) 23... axb3 24. cxb3 ({Avoid the trap} 24. exd5 $2 Bxd5 25. cxb3 Be4+ 26. Bd3 Nxd3 $1 $19 {[%mdl 512]}) 24... Bd6 25. exd5 Bxd5 {[#] Threatens to win with ...Be4+.} 26. Bg2 $1 {[%cal Rg2d5]} Bxg2 (26... Kxg7 $142 27. Bxd5 exd5) 27. Qxg2 ({Weaker is} 27. Qxd6+ Qxd6 28. Rxd6 Ng6 $17) 27... Kxg7 28. f6+ Kg8 {[#]} 29. Rd4 $1 Qb6 $2 ({But not} 29... Rxb3 $2 30. Rc1 $18) (29... Qa5 30. Qe4 Qb5) 30. Rhd1 Bc7 {Black wants to play ...Ng6.} 31. Qg3 Qa5 32. Bxe5 Bxe5 {[#]} 33. Qxe5 $1 {[%mdl 512] Weighted Error Value: White=0.38/Black=0.82} 1-0

[Event "FEDA International Scheveningen 2020"]
[Site "La Palma"]
[Date "2020.11.30"]
[Round "1.5"]
[White "Edouard, Romain"]
[Black "Anton Guijarro, David"]
[Result "1/2-1/2"]
[WhiteElo "2640"]
[BlackElo "2675"]
[Annotator "RC"]
[PlyCount "71"]
[EventDate "2020.11.29"]
[EventType "schev"]
[EventCountry "ESP"]
[SourceTitle "playchess.com"]
[Source "ChessBase"]
[SourceQuality "1"]
[TimeControl "40/5400+30:1800+30"]

1. d4 {[%emt 0:00:00]} Nf6 {[%emt 0:00:00]} 2. c4 {[%emt 0:00:00]} e6 {[%emt 0:00:00]} 3. Nc3 {[%emt 0:00:00]} Bb4 {[%emt 0:00:01]} 4. Nf3 {[%emt 0:02:05]} d5 {[%emt 0:00:34]} 5. cxd5 {[%emt 0:02:00]} exd5 {[%emt 0:00:08]} 6. Bg5 {[%emt 0:00:03]} h6 {[%emt 0:01:17]} 7. Bh4 {[%emt 0:00:04]} O-O {[%emt 0:01:06]} 8. e3 {[%emt 0:00:21]} Bf5 {[%emt 0:00:55]} 9. Ne5 {[%emt 0:00:47]} Qd6 {[%emt 0:03:08]} 10. Bxf6 {[%emt 0:03:51]} Qxf6 {[%emt 0:02:28]} 11. Bd3 {[%emt 0:00:04]} Bxd3 {[%emt 0:03:55]} 12. Qxd3 {[%emt 0:00:14]} c6 {[%emt 0:05:34]} 13. O-O {[%emt 0:04:31]} Rd8 {[%emt 0:03:28]} 14. a3 {[%emt 0:03:16]} Bd6 {[%emt 0:02:51]} 15. f4 {[%emt 0:00:27]} Nd7 {[%emt 0:02:38]} 16. b4 {[%emt 0:02:51]} Qe6 {[%emt 0:06:12]} 17. Rae1 {[%emt 0:06:14]} Nf6 {[%emt 0:07:29]} 18. Qc2 {[%emt 0:01:19]} a5 {[%emt 0:04:32]} 19. Qb3 {[%emt 0:02:00]} axb4 {[%emt 0:02:20]} 20. axb4 {[%emt 0:00:40]} Qe7 {[%emt 0:05:36]} 21. Rb1 {[%emt 0:01:53]} Ra7 {[%emt 0:07:10]} 22. b5 {[%emt 0:00:29]} Ra3 {[%emt 0:03:35]} 23. Qb2 {[%emt 0:00:23]} Rda8 {[%emt 0:01:17]} 24. bxc6 {[%emt 0:05:37]} bxc6 {[%emt 0:00:05]} 25. Rfe1 {[%emt 0:00:24]} Qe6 {[%emt 0:05:26]} 26. Ra1 {[%emt 0:01:36]} Qf5 {[%emt 0:10:12]} 27. Rxa3 {[%emt 0:01:21]} Rxa3 {[%emt 0:00:05]} 28. h3 {[%emt 0:04:15]} Ne4 {[%emt 0:04:29]} 29. g4 {[%emt 0:06:46]} Qe6 {[%emt 0:00:23]} 30. Nxe4 {[%emt 0:06:50]} dxe4 {[%emt 0:00:04]} 31. Nxc6 {[%emt 0:05:47]} Ra2 {[%emt 0:02:16]} 32. Qc3 {[%emt 0:00:26]} h5 {[%emt 0:07:44]} 33. Ra1 {[%emt 0:01:41]} hxg4 {[%emt 0:00:55]} 34. Rxa2 {[%emt 0:00:12]} Qxa2 {[%emt 0:00:03]} 35. hxg4 {[%emt 0:00:19]} Qe2 {[%emt 0:00:17]} 36. Ne5 {[%emt 0:01:14]} 1/2-1/2

[Event "FEDA International Scheveningen 2020"]
[Site "La Palma"]
[Date "2020.12.01"]
[Round "2.1"]
[White "Santos Ruiz, Miguel"]
[Black "Cheparinov, Ivan"]
[Result "1/2-1/2"]
[WhiteElo "2581"]
[BlackElo "2688"]
[Annotator "TA"]
[PlyCount "98"]
[EventDate "2020.11.29"]
[EventCountry "ESP"]
[SourceTitle "playchess.com"]
[Source "ChessBase"]
[SourceQuality "1"]

{[%evp 16,98,11,5,12,12,18,7,20,7,6,0,4,12,0,15,9,0,17,0,0,0,0,0,0,0,0,0,0,-7,0,-13,0,0,0,0,0,-20,-21,-17,-14,-14,-14,-21,-21,-17,-14,-14,-14,-14,-14,-14,-14,-14,-14,-14,-14,-14,-14,-14,-14,-14,-14,-14,-14,-14,-14,-14,0,-14,0,-14,-14,-13,-13,-14,-14,-14,-14,-14,0,-14,0,-14,0]} 1. d4 d5 2. c4 c6 3. Nf3 Nf6 4. e3 Bf5 5. Nc3 e6 6. Bd3 Bxd3 7. Qxd3 Bb4 8. Bd2 O-O 9. O-O {The position is equal.} a5 {9...Ba5 gains popularity. D12: Slav Defence: 3 Nf3 Nf6 4 e3 Bf5.} 10. a3 Bxc3 11. Bxc3 a4 {[#]} 12. b4 $146 ({Predecessor:} 12. Nd2 Qb6 13. e4 Qa6 14. Bb4 Re8 15. Rac1 Nbd7 16. Qf3 dxe4 17. Nxe4 Nxe4 18. Qxe4 {0-1 (41) Pedersen,G (2196)-Percivaldi,M (2390) Denmark 2018}) 12... axb3 13. Bb4 Re8 14. Qxb3 dxc4 15. Qxc4 Qd5 16. Qxd5 cxd5 17. Rfc1 Nc6 18. Ne5 Nxe5 19. dxe5 Nd7 20. Rc7 Nxe5 21. Rxb7 Rec8 22. Kf1 Ra4 23. Be1 h6 24. Rb4 Ra6 25. a4 {[%cal Ba3a4,Ba4a5][%mdl 32]} Nd3 26. Rb3 (26. Rb5 {feels hotter.} g5 27. a5 Rc2 28. Rb6 Rxb6 29. axb6 Rb2 30. Bc3) 26... Nxe1 27. Kxe1 $11 {[%mdl 4096] Endgame KRR-KRR} Rc4 28. a5 $1 Rc5 29. Rba3 $1 g5 30. R1a2 h5 31. Ra4 Kg7 32. h4 g4 33. g3 e5 34. Ke2 Kg6 35. Kd3 Kf5 36. Ke2 Ke6 37. Kd2 f6 38. Ke2 Rb5 39. Kd2 Kd6 40. Ke2 Kc6 41. Rc2+ Kb7 42. Rca2 Kc6 43. Rc2+ Kd7 44. Rca2 Rc5 45. Kd2 Kc6 46. R4a3 Rb5 47. Ra4 Rc5 48. R4a3 Rb5 49. Ra4 Rc5 {A rather calm draw.  Weighted Error Value: White=0.03/Black=0.03} 1/2-1/2

[Event "FEDA International Scheveningen 2020"]
[Site "La Palma"]
[Date "2020.12.01"]
[Round "2.2"]
[White "Santos Latasa, Jaime"]
[Black "Eljanov, Pavel"]
[Result "0-1"]
[WhiteElo "2600"]
[BlackElo "2672"]
[Annotator "TA"]
[PlyCount "88"]
[EventDate "2020.11.29"]
[EventCountry "ESP"]
[SourceTitle "playchess.com"]
[Source "ChessBase"]
[SourceQuality "1"]

{[%evp 9,88,22,26,29,22,25,24,29,26,25,25,17,29,14,28,22,17,14,14,15,28,20,28,21,56,42,59,55,62,48,52,28,53,50,162,-112,-123,-130,-105,-88,-97,-414,-274,-257,-243,-234,-216,-228,-231,-208,-220,-252,-153,-165,-160,-216,-227,-169,-144,-140,-148,-291,-255,-352,-349,-328,-329,-1270,-1270,-1729,-177,-179,-139,-114,0,-196,-196,-29981,-29982,-29975,-5406]} 1. c4 e5 2. Nc3 Bb4 3. Nd5 a5 4. a3 Bc5 5. Nf3 d6 6. e3 {A21: English Opening: 1...e5 2 Nc3.} Nd7 $5 {[%mdl 4] An interesting side line.} 7. d4 Ba7 8. Be2 {White has an edge.} c6 9. Nc3 Ngf6 10. O-O O-O {[#]} 11. Qc2 $146 ({Predecessor:} 11. b3 Qe7 12. Bb2 e4 13. Nd2 d5 14. cxd5 cxd5 15. Rc1 Bb8 16. h3 Rd8 17. Nb5 {0-1 (64) Pantzar,M (2424)-Bluebaum,M (2660) chess.com INT 2020}) 11... Re8 12. b4 Bb8 13. b5 e4 14. Nd2 d5 15. a4 Nf8 16. Ba3 Qc7 {[%csl Gb8][%cal Rc7h2]} 17. g3 Qd7 18. bxc6 bxc6 19. cxd5 cxd5 20. Rfc1 Qh3 21. Bf1 Qh5 (21... Qf5 $14) 22. Nb5 $2 (22. Bb5 $1 $18 {[%cal Rb5e8]} Bd7 23. Rab1) 22... Ng4 $1 $17 {[%csl Gg4][%cal Rh5h2]} 23. h3 Nxf2 $1 24. Kxf2 {Strongly threatening Nc7.} ({Not} 24. Qc6 $2 Qg5 $1 $19 {[%mdl 512]}) 24... Ra6 $40 {[%mdl 128] Black is out for blood.} 25. Nd6 $2 {[%mdl 8192]} (25. Bxf8 $17 {nothing else works.} Bxh3 26. Nc7 Rf6+ 27. Kg1) 25... Rxd6 26. Bxd6 Bxd6 27. Bg2 Bxh3 {Threatens to win with ...Bxg3+!} 28. Nf1 Bxg2 29. Kxg2 Re6 {( -> ...Rh6)} 30. Qd1 Qf5 31. Ra2 h5 ({Resist} 31... Rh6 32. Kg1 $15) 32. Kg1 (32. Rf2 $17 Qg5 33. Kh1) 32... Rg6 $19 33. Rg2 Ne6 {White must now prevent ...Ng5.} 34. Rf2 Qg5 $1 35. Rc8+ (35. Kh1 $17 {only move.}) 35... Kh7 36. Rh2 Rh6 37. Qe1 {If only White now had time for Rc6....} Qf5 {aiming for ...Ng5.} 38. Qxa5 $2 (38. Qf2 Nf4 39. exf4 Qxc8 40. Qa2) 38... Ng5 {...Nf3+ is the strong threat.} 39. Qa8 Nf3+ $2 (39... Rf6 {[%csl Gf6][%cal Rf5f1]} 40. Rh8+ Kg6) 40. Kg2 Ne1+ 41. Kg1 {[#]} Nf3+ (41... Kg6 $1 $17 42. Rd8 (42. Rc6 $2 Kh7 $19) 42... Nf3+ 43. Kh1 Kg5) 42. Kg2 Nxh2 43. Nxh2 $2 (43. Rh8+ $19 Kg6 44. Rxh6+ Kxh6 45. Nxh2) 43... Rf6 44. Rc2 {[#]} Bxg3 $1 {[%mdl 512] Weighted Error Value: White=0.71/Black=0.28} 0-1

[Event "FEDA International Scheveningen 2020"]
[Site "La Palma"]
[Date "2020.12.01"]
[Round "2.2"]
[White "Salgado Lopez, Ivan"]
[Black "Korobov, Anton"]
[Result "*"]
[WhiteElo "2593"]
[BlackElo "2683"]
[Annotator "TA"]
[PlyCount "27"]
[EventDate "2020.11.29"]
[EventCountry "ESP"]
[SourceTitle "playchess.com"]
[Source "ChessBase"]
[SourceQuality "1"]

{[%evp 7,7,14]} 1. c4 e5 2. Nc3 Bb4 3. Nd5 a5 4. a3 {[#] An uneventful encounter.} {Predecessor:} Be7 $146 5. d4 d6 6. e4 {A21: English Opening: 1...e5 2 Nc3.} Nf6 7. Nxe7 Qxe7 8. f3 Nfd7 9. Ne2 O-O 10. d5 Nc5 11. Be3 f5 12. Nc3 fxe4 13. Bxc5 dxc5 14. Nxe4 {½-½ (35) Matlakov,M (2700)-Yu,Y (2764) Caleta 2019} *

[Event "FEDA International Scheveningen 2020"]
[Site "La Palma"]
[Date "2020.12.01"]
[Round "2.3"]
[White "Santos Latasa, Jaime"]
[Black "Eljanov, Pavel"]
[Result "*"]
[WhiteElo "2600"]
[BlackElo "2672"]
[Annotator "TA"]
[PlyCount "33"]
[EventDate "2020.11.29"]
[EventCountry "ESP"]
[SourceTitle "playchess.com"]
[Source "ChessBase"]
[SourceQuality "1"]

{[%evp 11,20,2,47,51,51,52,51,57,56,37,62]} 1. e4 c5 2. Nf3 d6 3. d4 cxd4 4. Nxd4 Nf6 5. Nc3 a6 6. f3 Qb6 7. g4 {White is slightly better. B90: Sicilian Najdorf: Unusual White 6th moves, 6 Be3 Ng4 and 6 Be3 e5.} Nc6 8. Nb3 e6 9. g5 Nd7 10. h4 Qc7 {[#] White took control after the opening.  Weighted Error Value: White=0.03/Black=0.13} {Predecessor:} 11. Be3 $146 b5 12. Qe2 Nce5 13. a4 b4 14. Na2 a5 15. Nd4 Ba6 16. Nb5 Bxb5 17. axb5 {½-½ (29) Van Haastert,E (2435)-Guliyev,N (2548) Netherlands 2020} *

[Event "FEDA International Scheveningen 2020"]
[Site "La Palma"]
[Date "2020.12.01"]
[Round "2.3"]
[White "Salgado Lopez, Ivan"]
[Black "Korobov, Anton"]
[Result "0-1"]
[WhiteElo "2593"]
[BlackElo "2683"]
[Annotator "TA"]
[PlyCount "108"]
[EventDate "2020.11.29"]
[EventCountry "ESP"]
[SourceTitle "playchess.com"]
[Source "ChessBase"]
[SourceQuality "1"]

{[%evp 11,108,11,51,52,51,45,45,38,49,41,52,48,31,24,18,27,27,8,13,-55,-48,-50,-42,-37,-56,-41,-16,-16,-16,-114,-62,-62,-59,-70,-70,-53,-42,-28,-28,-23,-10,-16,6,0,18,13,24,0,0,0,-16,-23,-23,-29,-23,-20,-29,-26,-18,-24,0,-159,-147,-152,-137,-149,-142,-227,-197,-201,-202,-178,-180,-170,-70,-168,-142,-205,-192,-287,-278,-526,-508,-518,-489,-489,-362,-350,-316,-282,-275,-485,-469,-897,-868,-872,-827,-729,-716]} 1. e4 c5 2. Nf3 d6 3. d4 cxd4 4. Nxd4 Nf6 5. Nc3 a6 6. f3 Qb6 7. g4 {B90: Sicilian Najdorf: Unusual White 6th moves, 6 Be3 Ng4 and 6 Be3 e5.} Nc6 8. Nb3 e6 9. g5 {White is slightly better.} Nd7 10. h4 Qc7 11. Be3 b5 12. Qe2 Nb6 {[#]} 13. O-O-O $146 ({Predecessor:} 13. f4 b4 14. Qf2 Rb8 15. Ne2 Nc4 16. O-O-O e5 17. Nd2 Nxe3 18. Qxe3 a5 19. Kb1 {0-1 (45) Fuller,W (2404)-Selen,D (2465) ICCF email 2014}) 13... b4 14. Nb1 Be7 15. N1d2 (15. Qf2 $11 Nd7 16. N1d2) 15... O-O $15 16. f4 a5 17. Qf2 $1 Nd7 18. Kb1 a4 19. Nc1 $1 Bb7 20. Bd3 (20. Nd3 $11 {keeps the balance.}) 20... b3 ({Black should try} 20... Na5 $17 21. h5 a3) 21. cxb3 {White wants to play a3.} Nb4 {White must now prevent ...axb3.} 22. a3 $1 {[%cal Ra3b4]} Nxd3 23. Nxd3 axb3 24. Rc1 Qa5 25. Bd4 e5 26. Bc3 $1 {[%cal Rc3a5]} Qb5 27. Qe3 Rfc8 28. Bb4 Bd8 29. Rxc8 (29. Bxd6 {looks sharper.} exf4 30. Nxf4 Bb6 31. Qf3 Bc5 32. Bxc5 Nxc5 33. Rhe1) 29... Rxc8 30. fxe5 Bb6 31. Qg3 Nxe5 32. Nxe5 Qxe5 33. Qxe5 dxe5 34. Rh3 Bf2 35. h5 Ba8 36. h6 $2 (36. Rxb3 $11 Bh4 37. g6) 36... Be1 $17 37. Rxb3 Bh4 $1 38. hxg7 Bxg5 39. Bc3 (39. Rg3 $17 {was worth a try.} Bf4 40. Rd3) 39... f6 ({But not} 39... Kxg7 40. Bxe5+ f6 41. Rg3 $17) 40. Rb4 Kxg7 41. Nf3 Bf4 42. Kc2 h5 (42... Kh6 $19 43. Kd3 Kh5) 43. Kd3 {[#]} ({White should play} 43. Kd1 $1 $15) 43... Bg3 $1 $19 44. Ke2 (44. Ke3 $17) 44... h4 45. Be1 (45. Ng1 $142) 45... Rc2+ 46. Kd3 $2 {[#]} (46. Kf1 Rc1 47. Ke2 Bxe1 48. Nxe1) 46... Bxe1 $1 47. Rb8 h3 {Threatens to win with ...Rf2.} 48. Rxa8 h2 49. Nxh2 Rxh2 {KRB-KR} 50. b4 Rd2+ 51. Kc4 $2 (51. Ke3) 51... Rd4+ {Black is clearly winning.} 52. Kc5 (52. Kb3 $142 Rxe4 53. b5) 52... Bf2 53. Kc6 Rxe4 54. b5 Rc4+ {Weighted Error Value: White=0.36/Black=0.11} 0-1

[Event "FEDA International Scheveningen 2020"]
[Site "La Palma"]
[Date "2020.12.01"]
[Round "2.4"]
[White "Anton Guijarro, David"]
[Black "Van Foreest, Jorden"]
[Result "1/2-1/2"]
[WhiteElo "2675"]
[BlackElo "2671"]
[Annotator "TA"]
[PlyCount "73"]
[EventDate "2020.11.29"]
[EventCountry "ESP"]
[SourceTitle "playchess.com"]
[Source "ChessBase"]
[SourceQuality "1"]

{[%evp 13,73,12,24,22,48,42,41,53,43,24,35,35,37,13,33,17,47,44,63,55,68,50,36,37,62,36,34,34,27,34,34,34,54,21,54,54,34,31,78,75,75,74,77,71,71,67,93,93,93,93,88,98,118,111,120,104,96,66,104,66,75,14]} 1. d4 d5 2. c4 e6 3. Nc3 Nf6 4. cxd5 exd5 5. Bg5 c6 6. e3 h6 7. Bh4 Bf5 8. Qf3 {D35: Queen's Gambit Declined: Exchange Variation.} Be6 9. Bxf6 Qxf6 10. Qxf6 {White is slightly better.} gxf6 11. Nf3 a5 12. Bd3 {[#]} Nd7 $146 ({Predecessor:} 12... a4 13. a3 Nd7 14. Ne2 Nb6 15. Nf4 Bd6 16. Nh5 Ke7 17. Nh4 Rhg8 18. Ng3 Kd7 {1-0 (37) Hammer,J (2628)-Gajewski,G (2614) chess.com INT 2020}) 13. Ne2 a4 14. Nf4 a3 15. b3 Kd8 16. Nh4 Kc7 17. Ke2 Bd6 18. Kf3 Nb8 19. Rac1 h5 20. h3 Na6 21. Bxa6 Rxa6 22. Nd3 Rg8 23. Rc3 Rb6 24. Ke2 Rb5 25. Rb1 Bb4 26. Nxb4 Rxb4 27. Rbc1 Kd6 28. Rc5 Ra8 29. Kf3 Bd7 30. Kf4 $1 Ke7 31. Nf5+ Kd8 32. g4 b6 {[#]} 33. R5c3 $1 hxg4 34. hxg4 c5 {[#]} 35. Rh1 $1 {[%cal Rh1h8] aiming for Rh8+.} Kc7 36. f3 Be6 37. Rc2 {Weighted Error Value: White=0.06/Black=0.12} (37. Rh6 $16) 1/2-1/2